| 000 | 00557cam a2200205 4500 | ||
|---|---|---|---|
| 001 | D12961 | ||
| 008 | 090401t1951 xxu||||| |||| 00| 0 eng d | ||
| 035 | _a(Sirsi) u6860 | ||
| 041 | _aeng | ||
| 100 | _aHill, H.A. | ||
| 245 | _aHills Complete law of housing. 2nd supplement to 4th edition | ||
| 250 | _a4th | ||
| 260 |
_aLondon _bButterworth and Co _c1951 |
||
| 300 | _axxiv. 264p. 25cm | ||
| 350 | _a0 | ||
| 520 | _aShelf 116 ; Second supplement by D P Kerrigan and R G C Davison | ||
| 700 | _aKerrigan, D.P. | ||
| 942 | _n0 | ||
| 948 | _c04/03/1997 | ||
| 999 |
_c86359 _d86359 |
||